000
00249nam a22001217a 4500
041
_a
ENG
100
_a
Pantastico .B
245
_a
Post Harvest Physiology
260
_a
Delhi
_b
ICER
_c
1996
300
_a
100
650
_a
APE
856
_u
APE ( 10 )
999
_c
1794
_d
1794